The frameworks of english : introducing language structures
The Frameworks of English covers everything students need to know about linguistic frameworks. It offers a detailed description of the morphological, lexical, grammatical and phonological structures of contemporary English in a clear and logical way, guiding readers step-by-step through the various...
Guardado en:
| Autor principal: | |
|---|---|
| Formato: | Libro |
| Lenguaje: | Undetermined |
| Publicado: |
New York
Palgrave Macmillan
2007
|
| Materias: | |
| Etiquetas: |
Agregar Etiqueta
Sin Etiquetas, Sea el primero en etiquetar este registro!
|
| Thư viện lưu trữ: | Trung tâm Học liệu Trường Đại học Cần Thơ |
|---|
| LEADER | 01137nam a2200229Ia 4500 | ||
|---|---|---|---|
| 001 | CTU_155262 | ||
| 008 | 210402s9999 xx 000 0 und d | ||
| 020 | |c 270000 | ||
| 082 | |a 425 | ||
| 082 | |b B189 | ||
| 100 | |a Ballard, Kim | ||
| 245 | 4 | |a The frameworks of english : | |
| 245 | 0 | |b introducing language structures | |
| 245 | 0 | |c Kim Ballard | |
| 260 | |a New York | ||
| 260 | |b Palgrave Macmillan | ||
| 260 | |c 2007 | ||
| 520 | |a The Frameworks of English covers everything students need to know about linguistic frameworks. It offers a detailed description of the morphological, lexical, grammatical and phonological structures of contemporary English in a clear and logical way, guiding readers step-by-step through the various levels. The second edition amplifies and expands upon some aspects of the first edition, particularly discourse structures, as well as adding new features such as exercises and suggestions for further reading at the end of each Part. | ||
| 650 | |a English language,Tiếng anh | ||
| 650 | |x Grammar,Ngữ pháp | ||
| 904 | |i Năm | ||
| 980 | |a Trung tâm Học liệu Trường Đại học Cần Thơ | ||